Microsoft office access cho người dùng windows

Spremljeno u:
Bibliografski detalji
Format: Knjiga
Jezik:Undetermined
Izdano: Hà Nội Thống Kê 2004
Teme:
Oznake: Dodaj oznaku
Bez oznaka, Budi prvi tko označuje ovaj zapis!
Thư viện lưu trữ: Trung tâm Học liệu Trường Đại học Cần Thơ
LEADER 00563nam a2200193Ia 4500
001 CTU_88809
008 210402s9999 xx 000 0 und d
020 |c 53000 
082 |a 005.713 
082 |b M619 
245 0 |a Microsoft office access cho người dùng windows 
245 0 |c VN-Guide 
260 |a Hà Nội 
260 |b Thống Kê 
260 |c 2004 
650 |a Database management,Databases 
650 |x Computer programs,Access control 
904 |i Trúc Phương,Hải 
980 |a Trung tâm Học liệu Trường Đại học Cần Thơ